000 00300nam a22001337a 4500
008 170204b xxu||||| |||| 00| 0 eng d
020 _a0137325789
041 _aeng
080 _a61
100 _a3
101 _aSHM
245 _aTHE PSYCHODYNAMICS OF PATIENT CARE
_cSCHWARTZ, L.H
942 _2udc
_cBK
999 _c4649
_d4649